000 00303nam a2200109 4500
999 _c14036
_d14036
008 190730b ||||| |||| 00| 0 eng d
245 _aLatest learning solutions at edutech.
260 _aPhilippines:
_bManila Bulletin;
_cc2019.
300 _apage C-2.
650 0 _939030
_aTechnology.
942 _2ddc
_cPER